| 000 | 01257nam a2200313 i 4500 | ||
|---|---|---|---|
| 003 | EG-ScBUE | ||
| 005 | 20240123153234.0 | ||
| 008 | 110516s2011 ua o f 000 0bbara d | ||
| 020 | _a9789770929996 | ||
| 035 | _a2011 / 3108 | ||
| 040 |
_aEG-ScBUE _bara _erda _cEG-ScBUE _dEG-ScBUE |
||
| 043 | _af-ua--- | ||
| 082 | 0 | 4 |
_222 _a962.053 _bن ا ص |
| 100 | 1 |
_923857 _aعبد الناصر، تحية جمال، _d1923-1990، _eمؤلف. |
|
| 245 | 1 | 0 |
_aذكريات معه / _cتحية جمال عبد الناصر. |
| 250 | _aالطبعة الأولى. | ||
| 264 | 1 |
_aالقاهرة : _bدار الشروق، _c2011. |
|
| 300 |
_a50، 136 صفحة : _bصور ؛ _c25 سم |
||
| 336 |
_2rdacontent _aنص _btxt |
||
| 337 |
_aبدون وسيط _2rdamedia _bn |
||
| 338 |
_aمجلد _bnc _2rdacarrier |
||
| 600 | 0 | 7 |
_921925 _aجمال عبد الناصر _d1918-1970. _2BUEsh |
| 600 | 0 | 7 |
_923858 _aجمال عبد الناصر _d1918-1970 _xالأسرة والأصدقاء. _2BUEsh |
| 600 | 0 | 7 |
_923859 _aجمال عبد الناصر _d1918-1970 _xالصور الشخصية. _2BUEsh |
| 651 | 7 |
_2BUEsh _aمصر _xتاريخ _yالعصر الحديث _yجمال عبد الناصر (1954-1970). |
|
| 653 | _cMay2011 | ||
| 655 | _vReading book | ||
| 942 |
_2ddc _cBB |
||
| 999 |
_c15303 _d15303 |
||